| 000 | 01219cam a22003614a 4500 | ||
|---|---|---|---|
| 001 | 14106594 | ||
| 003 | OSt | ||
| 005 | 20220211030645.0 | ||
| 008 | 050913s2006 nyua 001 0 eng | ||
| 010 | _a 2005026367 | ||
| 015 |
_aGBA635996 _2bnb |
||
| 016 | 7 |
_a013436881 _2Uk |
|
| 020 | _a0393326691 (pbk.) | ||
| 020 | _a9780393326697 | ||
| 035 | _a(OCoLC)ocm61520332 | ||
| 040 |
_aMMU _cMMU _dYDX _dBAKER _dUKM _dOCO _dMMU _beng |
||
| 042 | _apcc | ||
| 050 | 0 | 0 |
_aTR790 _b.S256 2006 |
| 082 | 0 | 0 |
_a778.9/3 _222 |
| 100 | 1 | _aSammon, Rick. | |
| 245 | 1 | 0 | _aRick Sammon's travel and nature photography. |
| 246 | 3 | 0 | _aTravel and nature photography |
| 250 | _a1st ed. | ||
| 260 |
_aNew York, N.Y. : _bW.W. Norton, _cc2006. |
||
| 300 |
_aix, 309 p. : _bill. (chiefly col.) ; _c26 cm. |
||
| 500 | _aIncludes index. | ||
| 650 | 0 | _aTravel photography. | |
| 650 | 0 | _aNature photography. | |
| 856 | 4 | 1 |
_3Table of contents _uhttp://www.loc.gov/catdir/toc/ecip0519/2005026367.html |
| 906 |
_a7 _bcbc _corignew _d1 _eecip _f20 _gy-gencatlg |
||
| 942 |
_2lcc _cLOAN LOAN |
||
| 999 |
_c16740 _d16740 |
||